000 00219nam a22000857a 4500
008 170228b xxu||||| |||| 00| 0 eng d
100 _92965
_aWasn .V
245 _aFinancaial Statement -XII
260 _aNew Delhi
_bS.Chand
_c2012
999 _c6209
_d6209